000
00256nam a2200109Ia 4500
008
200302s9999 xx 000 0 und d
100
_a
Andrew Hall
245
_a
21St Century Bars
260
_b
Images Publishing, Austraila
260
_c
2010
300
_a
240 P
999
_c
4532
_d
4532